000 00554nam a2200193Ia 4500
005 20250326140558.0
008 250326s9999 xx 000 0 und d
037 _aTextbook
040 _aFMSL
_beng
_cFMSL
041 _aeng
_2eng
084 _aX:8.1 P0
_qFMSL
100 _aDeresky D
_9742621
245 0 _aInternational management : managing across borders and cultures
_cDeresky D
250 _aEd 3
260 _aNew Jersey
_bNew Jersey, Prentice Hall
_c2000
300 _a614p
942 _cTB
_hX:8.1 P0
999 _c1286399
_d1286399